000 00435nam a2200193Ia 4500
008 240510s9999 xx 000 0 und d
020 _a0001566861039
041 _aEng
082 _a005.4476
082 _bK25
100 _aKENNEDY R.C.
245 0 _aMIGRATING TO WINDOWS NT
260 _bNEWYORK : BRADY
260 _c1993
300 _a306 p.
650 _aOPERATING SYSTEMS : WINDOWS NT
942 _2ddc
942 _cLBK
999 _c26544
_d26544
945 _a1
_bMadushi Gamage
_c1
_dMadushi Gamage